Normal view
MARC view
Entry Personal Name
001 - CONTROL NUMBER
- control field: 289
003 - CONTROL NUMBER IDENTIFIER
- control field: OSt
005 - DATE AND TIME OF LATEST TRANSACTION
- control field: 20150621122606.0
008 - FIXED-LENGTH DATA ELEMENTS
- fixed length control field: 150621|| aca||aabn | a|a d
040 ## - CATALOGING SOURCE
- Original cataloging agency: OSt
- Transcribing agency: OSt
100 ## - HEADING--PERSONAL NAME
- Personal name: Kanodia,R.K.
670 ## - SOURCE DATA FOUND
- Source citation: Work cat.: (OSt): Kanodia,R.K., GATE Electronics & Communication Volume-3, 2014









